000 00812nam a22002537a 4500
999 _c33294
_d33294
001 2438
003 CO-MdFUSB
005 20171011085931.0
008 171011t1988 xxu||||| |||| 00| 0 eng d
020 _a0-8028-2374-2
040 _aCO-MdFUSB
_bspa
_cCO-MdFUSB
_dCO-MdFUSBC
_erda
041 0 _aeng
082 0 4 _aG 224.9707 S93399h
100 1 _aStuhlmueller, Carroll
_eautor
245 1 0 _aRebuilding with hope
_b: A commentary on the books of Haggai and Zechariah
_c / Carroll Stuhlmueller
264 4 _aGrand Rapids, MI., USA :
_bEerdmans,
_c©1988
300 _a165 Pag
336 _2rdacontent
_atexto
_btxt
337 _2rdamedia
_asin mediación
_bn
338 _2rdacarrier
_avolumen
_bnc
653 _aBiblia A.T. - Hageo - Comentarios
653 _aBiblia A.T. - Zacarías - Comentarios
942 _cBK